| 000 | 02107nam0a2200421 4500 | ||
|---|---|---|---|
| 001 | RU\NLR\BIBL_A\022019957 | ||
| 005 | 20260419230425.0 | ||
| 010 | _959 | ||
| 021 |
_aRU _bКН-П-23-049278 _9КН-П-23-4934 |
||
| 035 | _a(NLR Aleph) 022019957 | ||
| 035 | _a(RuMoRGB)011999512 | ||
| 090 |
_a13658594 _c13658594 |
||
| 100 | _a20230906d2023 k y0rusy50 ca | ||
| 101 | 0 |
_arus _deng |
|
| 102 | _aRU | ||
| 105 | _aa z 010zy | ||
| 181 | 0 |
_ai3 _baxxe |
|
| 182 | 0 | _an | |
| 200 | 1 |
_aВиртуальные гравитационные маневры при проектировании межпланетных перелётов _fЮ. Ф. Голубев, А. В. Грушевский, А. Г. Тучин |
|
| 203 |
_aТекст _bвизуальный _cнепосредственный |
||
| 210 |
_aМосква _cИПМ им. М. В. Келдыша _d2023 |
||
| 215 |
_a24 с. _cцв. ил. _d21 |
||
| 225 | 1 |
_aПрепринты ИПМ им. М. В. Келдыша _dKeldysh institute preprints _fгл. ред.: Б. Н. Четверушкин, акад. РАН _zeng |
|
| 225 | 1 |
_aПрепринт _fИнститут прикладной математики имени М. В. Келдыша Российской академии наук _x2071-2898 _v№ 39 за 2023 г. |
|
| 300 | _aРез. англ. | ||
| 300 | _aНа обл.: Российская академия наук. 300 лет | ||
| 320 | _aБиблиогр.: с. 19-23 | ||
| 606 | 1 |
_aКосмические летательные аппараты _xДвижение _xТраектории _xОпределение _2nlr_sh1 _2nlr_sh2 _3RU\NLR\AUTH\66608679 |
|
| 675 |
_a530.1 _v4 |
||
| 686 |
_a22.315.8 _2rubbks |
||
| 686 | 1 | _aО62-015.4 | |
| 700 | 1 |
_aГолубев _bЮ. Ф. _cд-р физ.-мат. наук _f1941- _gЮрий Филиппович _3RU\NLR\AUTH\7755300 |
|
| 701 | 1 |
_aГрушевский _bА. В. _gАлексей Васильевич |
|
| 701 | 1 |
_aТучин _bА. Г. _gАндрей Георгиевич |
|
| 942 | _cBOOK | ||
| 980 | _aNB | ||